| 000 | 01969nam a22003017a 4500 | ||
|---|---|---|---|
| 003 | OSt | ||
| 005 | 20251017151737.0 | ||
| 008 | 251017b |||||||| |||| 00| 0 eng d | ||
| 020 | _a9789589576854 | ||
| 037 | _bDonación | ||
| 040 |
_aCO-JMCR _bspa _cCO-JMCR _dCO-JMCR _erda |
||
| 041 | 1 |
_aspa _aeng |
|
| 082 | 0 | 4 |
_a621.5 _bM67 |
| 100 | 1 |
_aMiranda, Álvaro, _d1945-2020. _944388 |
|
| 245 | 1 | 0 |
_aClimatización y refrigeración en Colombia / _ctextos Alvaro Miranda ; fotografía Rodolfo Velásquez Rubio y Mike Cubillos Reyes ; traducción Diana Jacobson. |
| 260 | 3 |
_a[Bogotá] : _bAsociación Colombiana del Acondicionamieto de Aire y de la Refrigeración, _c2006. |
|
| 300 |
_a156 páginas : _bilustraciones, fotografías ; _c28 cm. |
||
| 500 | _aTexto en español-inglés. | ||
| 520 | 3 | _aAl continuar con la valiosa tarea de buscar y rescatar del olvido nuestro patrimonio, que conforma la verdadera identidad nacional, nos es grato presentar Climatización y Refrigeración en Colombia, ACAIRE 25 años, obra que abarca los diferentes aspectos que caracterizan y rodean la historia y el desarrollo de la industria del acondicionamiento del aire y del frío en el país, desde sus inicios al finalizar la Época Virreinal. Los testimonios que en el texto son rescatados, recrean, de una manera encantadora y atractiva, pasajes que hasta hoy habían permanecido inéditos, y que para el conocimiento histórico de los lectores, han sido tomados de crónicas pasadas, comerciales de prensa y otros medios de diferentes cuidades del país. | |
| 610 | 2 | 7 |
_aRefrigeración _xHistoria. _2JMCR _944389 |
| 650 | 7 |
_xHistoria _zColombia. _2JMCR |
|
| 650 | 7 |
_aAire acondicionado _xHistoria _zColombia. _2JMCR _944390 |
|
| 650 | 7 |
_aIndustriales _zColombia _vBiografías. _2BLAAUTO _944391 |
|
| 700 | 1 | 2 |
_aVelásquez Rubio, Rodolfo, _efotografo. _944392 |
| 700 | 1 | 2 |
_aCubillos Reyes, Mike, _efotografo. _944393 |
| 700 | 1 | 2 |
_aJacobson, Diana, _etraductor. _944394 |
| 942 |
_2ddc _cBK |
||
| 999 |
_c31099 _d17483 |
||